[Event "Isthmia op-A 2nd"]
[Site "Korinthos"]
[Date "2012.08.25"]
[Round "9"]
[White "Kokkalis, Vasilios"]
[Black "Panagiotopoulos, Alexandros"]
[Result "1/2-1/2"]
[WhiteElo "2072"]
[BlackElo "2200"]
[PlyCount "32"]
[EventDate "2012.08.18"]
[EventType "swiss"]
[EventRounds "9"]
[EventCountry "GRE"]
[SourceTitle "CBM 150 Extra"]
[Source "ChessBase"]
[SourceDate "2012.10.19"]
[SourceVersion "1"]
[SourceVersionDate "2012.10.19"]
[SourceQuality "1"]

1. d4 d5 2. Nf3 Nf6 3. c4 dxc4 4. e3 e6 5. Bxc4 c5 6. 0-0 a6 7. dxc5 Bxc5 8. Qxd8+ Kxd8 9. Nbd2 b6 10. b3 Bb7 11. Bb2 Ke7 12. Be2 Nbd7 13. Nc4 Rhd8 14. Rfd1 Rac8 15. Kf1 Bd5 16. Rac1 b5 1/2-1/2

[Event "Anogia op 1st"]
[Site "Anogia"]
[Date "2012.07.31"]
[Round "2"]
[White "Panagiotopoulos, Alexandros"]
[Black "Zamit, Kyriakos"]
[Result "0-1"]
[WhiteElo "2213"]
[BlackElo "1871"]
[PlyCount "66"]
[EventDate "2012.07.30"]
[EventType "swiss"]
[EventRounds "7"]
[EventCountry "GRE"]
[SourceTitle "EXT 2013"]
[Source "ChessBase"]
[SourceDate "2012.11.22"]
[SourceVersion "1"]
[SourceVersionDate "2012.11.22"]
[SourceQuality "1"]

1. e4 g6 2. d4 Bg7 3. Nc3 c6 4. Nf3 d5 5. h3 dxe4 6. Nxe4 Nd7 7. Bd3 Ngf6 8. 0-0 0-0 9. Re1 Qc7 10. Bg5 b6 11. c4 e6 12. Nc3 Bb7 13. Bh4 Rad8 14. Qe2 a6 15. Ne4 c5 16. dxc5 bxc5 17. Rad1 Rc8 18. Bg3 Qb6 19. Nd6 Bxf3 20. Qxf3 Rcd8 21. b3 Nh5 22. Bh4 Ne5 23. Rxe5 Bxe5 24. Bxd8 Qxd8 25. Ne4 Bd4 26. Be2 Qh4 27. b4 e5 28. Nxc5 Nf4 29. g3 Qxg3+ 30. Qxg3 Nxe2+ 31. Kg2 Nxg3 32. Kxg3 Rc8 33. Nxa6 Rxc4 0-1

[Event "Anogia op 1st"]
[Site "Anogia"]
[Date "2012.07.30"]
[Round "1"]
[White "Voulgaridis, Minas"]
[Black "Panagiotopoulos, Alexandros"]
[Result "0-1"]
[WhiteElo "1540"]
[BlackElo "2213"]
[PlyCount "98"]
[EventDate "2012.07.30"]
[EventType "swiss"]
[EventRounds "7"]
[EventCountry "GRE"]
[SourceTitle "EXT 2013"]
[Source "ChessBase"]
[SourceDate "2012.11.22"]
[SourceVersion "1"]
[SourceVersionDate "2012.11.22"]
[SourceQuality "1"]

1. d4 d5 2. e3 Nf6 3. Bd3 c5 4. c3 Nc6 5. Nd2 e6 6. f4 Be7 7. Ngf3 Rb8 8. Ne5 Qc7 9. 0-0 b5 10. a3 a5 11. b4 cxb4 12. Nxc6 Qxc6 13. cxb4 axb4 14. axb4 Bxb4 15. Nf3 Bd6 16. Ne5 Qb6 17. Rb1 Ba6 18. Qe2 0-0 19. Bd2 Rfd8 20. Bb4 Ne8 21. Rfc1 Bxb4 22. Rxb4 Rbc8 23. Rcb1 Nd6 24. Qh5 h6 25. f5 exf5 26. Bxf5 Rc7 27. Qg4 Nc4 28. Qf4 Nxe5 29. Qxe5 Qd6 30. Qxd6 Rxd6 31. Bd3 Rc3 32. R4b3 Rxb3 33. Rxb3 Rb6 34. Rb4 Kf8 35. Kf2 Ke7 36. Kf3 Kd6 37. Kf4 Rb8 38. h4 Kc6 39. g4 Kb6 40. Ke5 Re8+ 41. Kf4 Rc8 42. Kf3 Rc3 43. Ke2 Ra3 44. h5 Ra4 45. Rb2 b4 46. Bxa6 Kxa6 47. Kd3 Kb5 48. Kc2 Kc4 49. Rb3 Ra2+ 0-1

[Event "Negroponte op"]
[Site "Chalkis"]
[Date "2010.08.17"]
[Round "9"]
[White "Vaibhav, Suri"]
[Black "Panagiotopoulos, Alexandros"]
[Result "1-0"]
[WhiteElo "2419"]
[BlackElo "2180"]
[PlyCount "149"]
[EventDate "2010.08.09"]
[EventType "swiss"]
[EventRounds "9"]
[EventCountry "GRE"]
[SourceTitle "CBM 137 Extra"]
[Source "ChessBase"]
[SourceDate "2010.09.01"]
[SourceVersion "1"]
[SourceVersionDate "2010.09.01"]
[SourceQuality "1"]

1. e4 c5 2. Nf3 e6 3. d4 cxd4 4. Nxd4 Nc6 5. Nc3 Qc7 6. Be2 a6 7. 0-0 Nf6 8. Be3 Bb4 9. Na4 Be7 10. Nxc6 bxc6 11. Nb6 Rb8 12. Nxc8 Qxc8 13. Bd4 Qc7 14. e5 Nd5 15. c4 Nf4 16. g3 Nxe2+ 17. Qxe2 c5 18. Bc3 0-0 19. Rad1 d6 20. Rd3 Rbd8 21. Rfd1 dxe5 22. Qxe5 Qxe5 23. Bxe5 a5 24. b3 Rxd3 25. Rxd3 Rd8 26. Rxd8+ Bxd8 27. Kf1 f6 28. Bd6 Bb6 29. Ke2 Kf7 30. f4 Ke8 31. Kd3 Kd7 32. Bf8 g6 33. Kc2 h5 34. h3 Ke8 35. Bh6 Kd7 36. Kb2 Kc6 37. Bf8 Bd8 38. Kc3 Kb6 39. Kd3 Kc6 40. Ke4 Kb6 41. g4 hxg4 42. hxg4 Kc6 43. g5 fxg5 44. fxg5 Bxg5 45. Ke5 Be3 46. Kxe6 Bd4 47. Be7 Be3 48. Bf6 Bd2 49. Bd8 Bc3 50. Bg5 Be1 51. Kf7 Kd7 52. Kxg6 Ke6 53. Be3 Bb4 54. Kg7 a4 55. bxa4 Ke5 56. a3 Bxa3 57. a5 Kd6 58. Bg5 Kc7 59. Kf7 Bb4 60. Ke8 Kb7 61. Bd8 Ka6 62. Kd7 Ba3 63. Kc6 Bb4 64. Bb6 Ba3 65. Bxc5 Bc1 66. Bb6 Ba3 67. Kd7 Bb4 68. Bc7 Ba3 69. Bd6 Bb2 70. c5 Bc3 71. Bc7 Bd4 72. c6 Bc3 73. Bd8 Be5 74. Be7 Kxa5 75. Bd6 1-0

[Event "Paleochora op 2nd"]
[Site "Paleochora"]
[Date "2009.07.26"]
[Round "7"]
[White "Souleidis, Georgios"]
[Black "Panagiotopoulos, Alexandros"]
[Result "1-0"]
[WhiteElo "2435"]
[BlackElo "2200"]
[PlyCount "39"]
[EventDate "2009.07.21"]
[EventType "swiss"]
[EventRounds "9"]
[EventCountry "GRE"]
[SourceTitle "CBM 131 Extra"]
[Source "ChessBase"]
[SourceDate "2009.09.03"]
[SourceVersion "2"]
[SourceVersionDate "2009.09.16"]
[SourceQuality "1"]

1. e4 c5 2. Nf3 e6 3. d4 cxd4 4. Nxd4 Nc6 5. Nc3 Qc7 6. Be3 a6 7. Qd2 Nf6 8. 0-0-0 Bb4 9. f3 Ne5 10. Nb3 0-0 11. Qe1 b5 12. Nxb5 axb5 13. Qxb4 Nc4 14. Bc5 d6 15. Bxd6 Nxd6 16. Qxd6 Qa7 17. Bxb5 Qxa2 18. Qb6 Ba6 19. Bc6 Rac8 20. Qa5 1-0

[Event "Paleochora op 2nd"]
[Site "Paleochora"]
[Date "2009.07.22"]
[Round "2"]
[White "Panagiotopoulos, Alexandros"]
[Black "Turov, Maxim"]
[Result "0-1"]
[WhiteElo "2200"]
[BlackElo "2561"]
[PlyCount "82"]
[EventDate "2009.07.21"]
[EventType "swiss"]
[EventRounds "9"]
[EventCountry "GRE"]
[SourceTitle "CBM 131 Extra"]
[Source "ChessBase"]
[SourceDate "2009.09.03"]
[SourceVersion "2"]
[SourceVersionDate "2009.09.16"]
[SourceQuality "1"]

1. e4 e5 2. Nf3 Nc6 3. Bb5 a6 4. Bxc6 dxc6 5. 0-0 Be7 6. Nxe5 Qd4 7. Nf3 Qxe4 8. Re1 Qg4 9. d4 Be6 10. h3 Qh5 11. Re5 Qg6 12. Bg5 h6 13. Bxe7 Nxe7 14. Kh1 0-0-0 15. Nc3 Nf5 16. Ne2 Qf6 17. Qd2 g5 18. b3 Rhg8 19. Re1 h5 20. Ng3 Nxg3+ 21. fxg3 g4 22. hxg4 Rxg4 23. Rg5 Bd5 24. Rxg4 hxg4 25. Nh4 Be6 26. c3 c5 27. Re4 cxd4 28. Rxd4 Rxd4 29. cxd4 Qd8 30. Qf4 Qd5 31. Kg1 a5 32. Kh2 b5 33. Kg1 Kb7 34. Qd2 b4 35. Kf2 c5 36. Ke3 c4 37. bxc4 Qxc4 38. a3 bxa3 39. Qxa5 a2 40. d5 Qb3+ 41. Kf4 Bd7 0-1

[Event "Athens Acropolis op"]
[Site "Athens"]
[Date "2008.08.10"]
[Round "2"]
[White "Secer, Ata"]
[Black "Panagiotopoulos, Alexandros"]
[Result "1-0"]
[WhiteElo "2320"]
[BlackElo "2197"]
[PlyCount "69"]
[EventDate "2008.08.09"]
[EventType "swiss"]
[EventRounds "9"]
[EventCountry "GRE"]
[SourceTitle "CBM 125 Extra"]
[Source "ChessBase"]
[SourceDate "2008.09.01"]
[SourceVersion "1"]
[SourceVersionDate "2008.09.01"]
[SourceQuality "1"]

1. e4 c5 2. Nf3 Nc6 3. d4 cxd4 4. Nxd4 Nf6 5. Nc3 e5 6. Ndb5 d6 7. Bg5 a6 8. Na3 b5 9. Nd5 Be7 10. Bxf6 Bxf6 11. c4 b4 12. Nc2 Rb8 13. b3 Bg5 14. g3 0-0 15. h4 Bh6 16. Bh3 Be6 17. Qh5 Qd7 18. Bf5 Bxf5 19. Qxf5 Qxf5 20. exf5 f6 21. Rd1 Rb7 22. Ke2 Kf7 23. g4 Rd8 24. Kf3 a5 25. Ke4 g6 26. fxg6+ hxg6 27. h5 Bg5 28. Rh3 gxh5 29. Rxh5 Kg6 30. Rdh1 Rf7 31. Nce3 Bxe3 32. Nxe3 Rg7 33. Nf5 Rgg8 34. Rh7 Rde8 35. R1h6+ 1-0

[Event "Athens Smaok op 1th"]
[Site "Athens"]
[Date "2006.12.08"]
[Round "5"]
[White "Ignatiadis, Konstantinos"]
[Black "Panagiotopoulos, Alexandros"]
[Result "1/2-1/2"]
[WhiteElo "2255"]
[BlackElo "2172"]
[PlyCount "146"]
[EventDate "2006.11.10"]
[EventType "swiss"]
[EventRounds "6"]
[EventCountry "GRE"]
[SourceTitle "EXT 2024"]
[Source "ChessBase"]
[SourceDate "2023.10.10"]
[SourceVersion "1"]
[SourceVersionDate "2023.10.10"]
[SourceQuality "1"]

1. d4 d5 2. c4 dxc4 3. Nf3 Nf6 4. e3 e6 5. Bxc4 c5 6. 0-0 a6 7. Bb3 cxd4 8. exd4 Nc6 9. Nc3 Be7 10. Re1 0-0 11. a3 b5 12. d5 exd5 13. Nxd5 Nxd5 14. Bxd5 Bb7 15. Bf4 Na5 16. Bxb7 Nxb7 17. Ne5 Qxd1 18. Raxd1 Bd6 19. Bg3 Rfe8 20. Kf1 f6 21. Nc6 Rxe1+ 22. Kxe1 Re8+ 23. Kd2 Bxg3 24. hxg3 Kf8 25. f3 Rc8 26. Nd4 Kf7 27. Ke3 Nd6 28. b3 Rc3+ 29. Kd2 Rc8 30. g4 Nb7 31. Re1 Nc5 32. Re3 g6 33. Rc3 Rd8 34. Ke3 Re8+ 35. Kd2 Ne6 36. Nxe6 Rxe6 37. Rc8 Rd6+ 38. Kc3 Ke6 39. Rh8 Ke5 40. g3 Rd7 41. Re8+ Kd5 42. Ra8 Rd6 43. Ra7 h6 44. Rh7 f5 45. gxf5 gxf5 46. Kd3 Rc6 47. Rd7+ Ke6 48. Ra7 Ke5 49. Re7+ Kd5 50. Rf7 Ke6 51. Rf8 Ke5 52. f4+ Ke6 53. Kd4 Rd6+ 54. Kc3 Rd1 55. Re8+ Kf6 56. Ra8 Rd6 57. a4 bxa4 58. bxa4 Ke6 59. Kc4 Rc6+ 60. Kb4 Kd5 61. Ka5 Rg6 62. Rxa6 Rxg3 63. Rxh6 Ke4 64. Kb4 Kxf4 65. a5 Ke3 66. Re6+ Kd3 67. Rf6 Ke4 68. Rf8 Rg1 69. Kc5 Ra1 70. Kb6 f4 71. a6 f3 72. a7 Rxa7 73. Kxa7 Ke3 1/2-1/2

[Event "Athens Smaok op 1th"]
[Site "Athens"]
[Date "2006.11.24"]
[Round "3"]
[White "Skalkotas, Nikolaos"]
[Black "Panagiotopoulos, Alexandros"]
[Result "0-1"]
[WhiteElo "2288"]
[BlackElo "2172"]
[PlyCount "70"]
[EventDate "2006.11.10"]
[EventType "swiss"]
[EventRounds "6"]
[EventCountry "GRE"]
[SourceTitle "EXT 2024"]
[Source "ChessBase"]
[SourceDate "2023.10.10"]
[SourceVersion "1"]
[SourceVersionDate "2023.10.10"]
[SourceQuality "1"]

1. Nf3 d5 2. g3 c5 3. Bg2 Nc6 4. d4 e6 5. 0-0 Nf6 6. c4 dxc4 7. Ne5 Nxe5 8. dxe5 Nd5 9. Na3 Be7 10. Nxc4 0-0 11. e4 Nb4 12. Qg4 Kh8 13. Rd1 Qc7 14. Bf4 Bd7 15. a3 Nc6 16. Rac1 Rad8 17. h4 b6 18. Nd6 Na5 19. b4 Nb7 20. Nf5 exf5 21. exf5 Qc8 22. Be4 Bc6 23. Bb1 f6 24. e6 Rxd1+ 25. Qxd1 Qd8 26. Qf1 Qd5 27. Kh2 Rd8 28. b5 Be8 29. a4 Bh5 30. Bc7 Rc8 31. Bf4 c4 32. Kh3 Na5 33. Re1 Bf3 34. g4 c3 35. Bc2 Rc4 0-1

[Event "Athens Smaok op 1th"]
[Site "Athens"]
[Date "2006.11.10"]
[Round "1"]
[White "Lymberopoulos, Georgios"]
[Black "Panagiotopoulos, Alexandros"]
[Result "0-1"]
[WhiteElo "1814"]
[BlackElo "2172"]
[PlyCount "60"]
[EventDate "2006.11.10"]
[EventType "swiss"]
[EventRounds "6"]
[EventCountry "GRE"]
[SourceTitle "EXT 2024"]
[Source "ChessBase"]
[SourceDate "2023.10.10"]
[SourceVersion "1"]
[SourceVersionDate "2023.10.10"]
[SourceQuality "1"]

1. e4 c5 2. Nf3 e6 3. d4 cxd4 4. Nxd4 a6 5. Nc3 b5 6. Bd3 Qb6 7. Nf3 Bb7 8. Be3 Qc7 9. Qe2 d6 10. 0-0 Nd7 11. a4 b4 12. Na2 Ngf6 13. Nd2 d5 14. f3 Bd6 15. f4 dxe4 16. Bc4 0-0 17. c3 bxc3 18. Nxc3 Rfd8 19. Rac1 Bc5 20. Nd1 Qb6 21. Kh1 Bxe3 22. Nxe3 Nc5 23. f5 e5 24. Rfd1 Nxa4 25. Bxf7+ Kxf7 26. Qc4+ Kf8 27. Qxa4 Qxe3 28. Qb4+ Kg8 29. Qxb7 Ng4 30. Nxe4 Qxe4 0-1

[Event "Litohoro Summer Cup"]
[Site "Litohoro"]
[Date "2006.07.30"]
[Round "9"]
[White "Kulicov, Oleg Anatolie"]
[Black "Panagiotopoulos, Alexandros"]
[Result "1-0"]
[WhiteElo "2402"]
[BlackElo "2184"]
[PlyCount "37"]
[EventDate "2006.07.22"]
[EventType "swiss"]
[EventRounds "9"]
[EventCountry "GRE"]
[SourceTitle "CBM 113 Extra"]
[Source "ChessBase"]
[SourceDate "2006.09.14"]
[SourceVersion "1"]
[SourceVersionDate "2006.09.14"]
[SourceQuality "1"]

1. e4 c5 2. c3 d5 3. exd5 Qxd5 4. d4 Nf6 5. Nf3 e6 6. Na3 a6 7. Nc4 Nbd7 8. Bg5 Be7 9. Be2 b5 10. Bxf6 Bxf6 11. Nfd2 Qg5 12. Bf3 Ra7 13. Ne4 Qg6 14. Ncd6+ Ke7 15. 0-0 Qh6 16. Re1 Rd8 17. a4 bxa4 18. Qxa4 Nb6 19. Qa5 1-0

[Event "Athens Pagrati 2nd"]
[Site "Athens"]
[Date "2006.05.??"]
[Round "6"]
[White "Kostopoulos, Evaggelos"]
[Black "Panagiotopoulos, Alexandros"]
[Result "0-1"]
[WhiteElo "2086"]
[BlackElo "2182"]
[PlyCount "82"]
[EventDate "2006.05.08"]
[EventType "tourn"]
[EventRounds "7"]
[EventCountry "GRE"]
[SourceTitle "EXT 2024"]
[Source "ChessBase"]
[SourceDate "2023.10.10"]
[SourceVersion "1"]
[SourceVersionDate "2023.10.10"]
[SourceQuality "1"]

1. e4 c5 2. Nf3 Nc6 3. c3 d5 4. exd5 Qxd5 5. d4 Nf6 6. Na3 Bg4 7. Be2 cxd4 8. Nb5 Qd7 9. Nbxd4 e6 10. Bf4 Nxd4 11. Qxd4 Qxd4 12. Nxd4 Bxe2 13. Kxe2 Bc5 14. Rhd1 Ke7 15. Nb3 Bb6 16. Bd6+ Ke8 17. f3 Rc8 18. Rac1 Bc7 19. Bxc7 Rxc7 20. c4 Ke7 21. Rc3 Rhc8 22. Rdc1 e5 23. Ke3 Nd7 24. Nd2 f5 25. b4 Nb6 26. Kf2 Ke6 27. a3 Rd8 28. Nb3 Na4 29. Re3 Nb2 30. Nc5+ Rxc5 31. bxc5 Nd3+ 32. Rxd3 Rxd3 33. Rb1 Rd2+ 34. Ke3 Rxg2 35. Rxb7 f4+ 36. Kd3 Rf2 37. Rxa7 Rxf3+ 38. Ke2 Rc3 39. Rxg7 Rxc4 40. Rxh7 Rxc5 41. Kd3 Ra5 0-1

[Event "Athens Pagrati 2nd"]
[Site "Athens"]
[Date "2006.05.??"]
[Round "3"]
[White "Panagiotopoulos, Alexandros"]
[Black "Dounis, Alexandros"]
[Result "1-0"]
[WhiteElo "2182"]
[BlackElo "2051"]
[PlyCount "45"]
[EventDate "2006.05.08"]
[EventType "tourn"]
[EventRounds "7"]
[EventCountry "GRE"]
[SourceTitle "EXT 2024"]
[Source "ChessBase"]
[SourceDate "2023.10.10"]
[SourceVersion "1"]
[SourceVersionDate "2023.10.10"]
[SourceQuality "1"]

1. e4 d5 2. exd5 Nf6 3. d4 Bg4 4. f3 Bf5 5. Bb5+ Nbd7 6. c4 a6 7. Ba4 b5 8. cxb5 axb5 9. Bxb5 Nxd5 10. Ne2 Nb4 11. 0-0 Nc2 12. Ng3 Bg6 13. f4 Nxa1 14. f5 Bxf5 15. Nxf5 e6 16. Nc3 exf5 17. Re1+ Be7 18. Bg5 f6 19. Bxf6 gxf6 20. Qh5+ Kf8 21. Qh6+ Kf7 22. Bc4+ Ke8 23. Qh5+ 1-0

[Event "Athens Pagrati 2nd"]
[Site "Athens"]
[Date "2006.05.??"]
[Round "5"]
[White "Panagiotopoulos, Alexandros"]
[Black "Tassopoulos, Marios"]
[Result "1/2-1/2"]
[WhiteElo "2182"]
[BlackElo "2265"]
[PlyCount "89"]
[EventDate "2006.05.08"]
[EventType "tourn"]
[EventRounds "7"]
[EventCountry "GRE"]
[SourceTitle "EXT 2024"]
[Source "ChessBase"]
[SourceDate "2023.10.10"]
[SourceVersion "1"]
[SourceVersionDate "2023.10.10"]
[SourceQuality "1"]

1. e4 e5 2. Nf3 Nc6 3. Bb5 a6 4. Bxc6 dxc6 5. 0-0 Be6 6. d4 exd4 7. Nxd4 Bc4 8. Re1 c5 9. Nb3 Qxd1 10. Rxd1 b6 11. Bf4 Rc8 12. Nc3 Ne7 13. a4 a5 14. Nb5 Bxb5 15. axb5 Ng6 16. Bg3 Be7 17. Nd2 Bg5 18. Nc4 Ke7 19. Kf1 Rhd8 20. Rxd8 Kxd8 21. Ne5 Nxe5 22. Bxe5 Bf6 23. Bxf6+ gxf6 24. Rd1+ Ke7 25. Ke2 c6 26. bxc6 Rxc6 27. c4 b5 28. cxb5 Rb6 29. Kd3 Rxb5 30. Kc3 Rb4 31. f3 a4 32. Rd5 Rb5 33. Kc2 Ke6 34. Rh5 Ra5 35. Rxh7 a3 36. bxa3 Rxa3 37. Rh5 Ra2+ 38. Kd3 Rxg2 39. Rxc5 Rxh2 40. Rc6+ Ke7 41. Ke3 Rh5 42. Rc7+ Kf8 43. Kf4 Kg7 44. Rd7 Rh4+ 45. Kg3 1/2-1/2

[Event "GRE-ch U20"]
[Site "Athens"]
[Date "2006.01.06"]
[Round "6.3"]
[White "Pavlidis, Anastasios"]
[Black "Panagiotopoulos, Alexandros"]
[Result "1/2-1/2"]
[WhiteElo "2136"]
[BlackElo "2171"]
[PlyCount "89"]
[EventDate "2006.01.03"]
[EventType "swiss"]
[EventRounds "9"]
[EventCountry "GRE"]
[SourceTitle "EXT 2024"]
[Source "ChessBase"]
[SourceDate "2023.10.10"]
[SourceVersion "1"]
[SourceVersionDate "2023.10.10"]
[SourceQuality "1"]

1. d4 d5 2. c4 dxc4 3. Nf3 Nf6 4. e3 e6 5. Bxc4 c5 6. 0-0 a6 7. a4 Nc6 8. Qe2 Qc7 9. Rd1 Be7 10. Nbd2 0-0 11. b3 Bd7 12. Bb2 cxd4 13. exd4 Nb4 14. Rac1 Bc6 15. Ne5 Qa5 16. Nxc6 Nxc6 17. Ne4 Nxe4 18. Qxe4 Bf6 19. Bc3 Qh5 20. Be2 Qd5 21. Qxd5 exd5 22. Bf3 Rfd8 23. Kf1 a5 24. Bb2 Be7 25. Rc2 g6 26. Bc1 Rac8 27. Bg4 f5 28. Bf3 Nb4 29. Rxc8 Rxc8 30. Ba3 b6 31. Bxb4 Bxb4 32. Bxd5+ Kf8 33. Bc4 Rd8 34. g3 Bc5 35. d5 Bd6 36. Bb5 Rc8 37. Bc6 Rc7 38. Ke2 Re7+ 39. Kd3 Kf7 40. f3 Kf6 41. Rd2 Bb4 42. Re2 Rxe2 43. Kxe2 Ke5 44. Kd3 g5 45. Ke3 1/2-1/2

[Event "GRE-ch U20"]
[Site "Athens"]
[Date "2006.01.03"]
[Round "1.3"]
[White "Papadimitriou, Athanasios"]
[Black "Panagiotopoulos, Alexandros"]
[Result "0-1"]
[WhiteElo "1936"]
[BlackElo "2171"]
[PlyCount "112"]
[EventDate "2006.01.03"]
[EventType "swiss"]
[EventRounds "9"]
[EventCountry "GRE"]
[SourceTitle "EXT 2024"]
[Source "ChessBase"]
[SourceDate "2023.10.10"]
[SourceVersion "1"]
[SourceVersionDate "2023.10.10"]
[SourceQuality "1"]

1. c4 e5 2. Nc3 Nf6 3. g3 d5 4. cxd5 Nxd5 5. Bg2 Nb6 6. d3 Be7 7. Nf3 Nc6 8. 0-0 0-0 9. a3 Be6 10. b4 a5 11. b5 Nd4 12. Nxe5 Bf6 13. f4 Nb3 14. Bb2 Nxa1 15. Qxa1 Nd5 16. Ne4 Bxe5 17. Bxe5 f6 18. Bd4 Re8 19. Nc5 Bf7 20. e4 b6 21. Nb7 Qd7 22. exd5 Bxd5 23. Nxa5 Bxg2 24. Kxg2 Qd5+ 25. Kf2 bxa5 26. Rd1 Rad8 27. Bc3 Qxb5 28. Qa2+ Kh8 29. Qd2 Qc5+ 30. d4 Qxa3 31. Bxa5 Rb8 32. Bc3 Qb3 33. Ra1 Ra8 34. Re1 Rxe1 35. Qxe1 Qc2+ 36. Kg1 Rb8 37. Qe3 h6 38. Be1 Rb2 39. Bf2 Rb1+ 40. Be1 Rb2 41. Bf2 Qe2 42. h3 Qxe3 43. Bxe3 Kg8 44. Bf2 Kf7 45. Kg2 Ke6 46. Kf3 Kd5 47. Ke3 Rxf2 48. Kxf2 Kxd4 49. Ke2 c5 50. Kd2 c4 51. Kc2 c3 52. Kc1 Kd3 53. Kd1 f5 54. Kc1 Ke3 55. Kc2 Kf3 56. Kxc3 Kxg3 0-1

[Event "Korinthos op 7th"]
[Site "Korinthos"]
[Date "2004.07.30"]
[Round "9"]
[White "Panagiotopoulos, Alexandros"]
[Black "Simeonidis, Ioannis"]
[Result "1/2-1/2"]
[WhiteElo "2109"]
[BlackElo "2306"]
[PlyCount "49"]
[EventDate "2004.07.22"]
[EventType "swiss"]
[EventRounds "9"]
[EventCountry "GRE"]
[SourceTitle "CBM 101 Extra"]
[Source "ChessBase"]
[SourceDate "2004.09.01"]
[SourceVersion "2"]
[SourceVersionDate "2004.09.01"]
[SourceQuality "1"]

1. e4 c5 2. Nf3 d6 3. d4 cxd4 4. Nxd4 Nf6 5. Nc3 Nc6 6. f3 g6 7. Be3 Bg7 8. Qd2 0-0 9. 0-0-0 Bd7 10. Kb1 Rc8 11. g4 Ne5 12. h4 Rc4 13. Bxc4 Nxc4 14. Qe2 Nxe3 15. Qxe3 Qb6 16. Rhe1 Rc8 17. Nb3 Qxe3 18. Rxe3 Be8 19. Nd5 Kf8 20. h5 Nxd5 21. Rxd5 b6 22. hxg6 hxg6 23. Rd1 Be5 24. Nd4 Bd7 25. Re2 1/2-1/2

[Event "Aegean op 27th"]
[Site "Aghios Kirykos"]
[Date "2004.07.19"]
[Round "8"]
[White "Panagiotopoulos, Alexandros"]
[Black "Gogolis, Alexandros"]
[Result "1/2-1/2"]
[WhiteElo "2109"]
[BlackElo "2275"]
[PlyCount "52"]
[EventDate "2004.07.13"]
[EventType "swiss"]
[EventRounds "9"]
[EventCountry "GRE"]
[SourceTitle "CBM 101 Extra"]
[Source "ChessBase"]
[SourceDate "2004.09.01"]
[SourceVersion "2"]
[SourceVersionDate "2004.09.01"]
[SourceQuality "1"]

1. e4 c5 2. Nf3 Nc6 3. d4 cxd4 4. Nxd4 e5 5. Nb5 d6 6. c4 Be7 7. b3 a6 8. N5c3 Be6 9. Bd3 Nf6 10. 0-0 0-0 11. Bb2 Rc8 12. Kh1 Re8 13. Nd5 Bxd5 14. exd5 Nb8 15. Nd2 Bf8 16. f4 Nbd7 17. Ne4 Nxe4 18. Bxe4 exf4 19. Rxf4 Ne5 20. Bxh7+ Kxh7 21. Qh5+ Kg8 22. Bxe5 Rxe5 23. Qxf7+ Kh8 24. Rf3 Re4 25. Qh5+ Kg8 26. Qf7+ Kh8 1/2-1/2

[Event "Aegean op 27th"]
[Site "Aghios Kirykos"]
[Date "2004.07.18"]
[Round "7"]
[White "Koukoufikis, Alexandros"]
[Black "Panagiotopoulos, Alexandros"]
[Result "1/2-1/2"]
[WhiteElo "2247"]
[BlackElo "2109"]
[PlyCount "102"]
[EventDate "2004.07.13"]
[EventType "swiss"]
[EventRounds "9"]
[EventCountry "GRE"]
[SourceTitle "CBM 101 Extra"]
[Source "ChessBase"]
[SourceDate "2004.09.01"]
[SourceVersion "2"]
[SourceVersionDate "2004.09.01"]
[SourceQuality "1"]

1. g3 d5 2. Bg2 Nf6 3. d3 c5 4. Nf3 Nc6 5. 0-0 e6 6. Nbd2 Be7 7. e4 Qc7 8. b3 b6 9. Bb2 Bb7 10. Rc1 dxe4 11. dxe4 e5 12. Qe2 0-0 13. Nh4 Nd4 14. Qe1 Nd7 15. Nf5 Bg5 16. h4 Bxd2 17. Qxd2 Nxf5 18. exf5 Bxg2 19. Kxg2 Rad8 20. Rcd1 Nb8 21. Qe2 Nc6 22. Qe4 Nd4 23. c3 Nc6 24. g4 Rxd1 25. Rxd1 Rd8 26. Rxd8+ Nxd8 27. c4 Qc6 28. Kf3 f6 29. g5 Kf7 30. h5 fxg5 31. Bxe5 Qxe4+ 32. Kxe4 Nc6 33. Bc3 h6 34. a3 Ne7 35. b4 cxb4 36. axb4 Nc6 37. b5 Ne7 38. Be5 Nc8 39. f3 Ke7 40. Kd5 Kf7 41. Kc6 Ne7+ 42. Kb7 Nxf5 43. Kxa7 Ne3 44. Bd4 Nxc4 45. Bxb6 g6 46. hxg6+ Kxg6 47. Bc7 Kf5 48. Kb7 Na3 49. Kc6 Nxb5 50. Kxb5 g4 51. fxg4+ Kxg4 1/2-1/2

[Event "Nikaia op 12th"]
[Site "Nikaia"]
[Date "2004.??.??"]
[Round "6"]
[White "Symeonidis, Ioannis"]
[Black "Panagiotopoulos, Alexandros"]
[Result "0-1"]
[WhiteElo "2305"]
[BlackElo "2105"]
[PlyCount "66"]
[EventDate "2004.08.??"]
[EventType "swiss"]
[EventRounds "9"]
[EventCountry "GRE"]
[SourceTitle "EXT 2007"]
[Source "ChessBase"]
[SourceDate "2006.11.23"]
[SourceVersion "1"]
[SourceVersionDate "2006.11.23"]
[SourceQuality "1"]

1. c4 e5 2. e3 Nf6 3. a3 d5 4. cxd5 Nxd5 5. Nf3 Bd6 6. e4 Nb6 7. d4 exd4 8. Qxd4 0-0 9. Bd3 Nc6 10. Qc3 Re8 11. Bg5 f6 12. Be3 Ne5 13. Nbd2 Be6 14. Be2 Ng4 15. Bxb6 axb6 16. Bc4 Qe7 17. 0-0 Kh8 18. Bxe6 Qxe6 19. h3 Ne5 20. Nd4 Qf7 21. f4 Ng6 22. f5 Nf4 23. Qe3 Rad8 24. N4b3 Nd3 25. Rab1 Be5 26. Kh1 Nxb2 27. Qe2 Nd3 28. Rf3 Nc5 29. Nxc5 bxc5 30. Rxb7 Qa2 31. Rd3 Bf4 32. Qh5 Bxd2 33. Rxc7 Qb1+ 0-1